<?xml version="1.0" encoding="UTF-8"?>
<collection xmlns="http://www.loc.gov/MARC21/slim">
 <record>
  <leader>01239ntm a22002655a 4500</leader>
  <controlfield tag="001">EUN.eunm000504</controlfield>
  <controlfield tag="005">20150610111536.0</controlfield>
  <controlfield tag="008">050425s2005####ag#######bm###000#0#spa#d</controlfield>
  <datafield tag="082" ind1="0" ind2="4">
   <subfield code="a">040</subfield>
   <subfield code="2">15</subfield>
  </datafield>
  <datafield tag="100" ind1="1" ind2=" ">
   <subfield code="a">López, Vanina Lucrecia.</subfield>
   <subfield code="4">dis</subfield>
  </datafield>
  <datafield tag="245" ind1="1" ind2="0">
   <subfield code="a">Geología y petrología del faldeo occidental de la cuchilla de Guarguaráz, cordillera frontal de Mendoza /</subfield>
   <subfield code="c">Vanina Lucrecia López.</subfield>
  </datafield>
  <datafield tag="260" ind1=" " ind2=" ">
   <subfield code="c">2005.</subfield>
  </datafield>
  <datafield tag="300" ind1=" " ind2=" ">
   <subfield code="a">2 v. (269 h.) :</subfield>
   <subfield code="b">il., fot ;</subfield>
   <subfield code="c">30 cm.</subfield>
  </datafield>
  <datafield tag="500" ind1=" " ind2=" ">
   <subfield code="a">Director de tesis: Daniel A. Gregori.</subfield>
  </datafield>
  <datafield tag="502" ind1=" " ind2=" ">
   <subfield code="a">Tesis (doctoral)--Universidad Nacional del Sur. Departamento de Geología, 2005.</subfield>
  </datafield>
  <datafield tag="504" ind1=" " ind2=" ">
   <subfield code="a">Incluye referencias bibliográficas.</subfield>
  </datafield>
  <datafield tag="650" ind1=" " ind2="7">
   <subfield code="a">Geología.</subfield>
   <subfield code="2">Unbis</subfield>
  </datafield>
  <datafield tag="650" ind1=" " ind2="7">
   <subfield code="a">Petróleo.</subfield>
   <subfield code="2">Unbis</subfield>
  </datafield>
  <datafield tag="651" ind1=" " ind2="7">
   <subfield code="a">Cordillera frontal (Mendoza)</subfield>
  </datafield>
  <datafield tag="700" ind1="1" ind2=" ">
   <subfield code="a">Gregori, Daniel A.</subfield>
   <subfield code="q">(Daniel Alfredo)</subfield>
   <subfield code="4">ths</subfield>
  </datafield>
  <datafield tag="710" ind1="2" ind2=" ">
   <subfield code="a">Universidad Nacional del Sur.</subfield>
   <subfield code="4">dgg</subfield>
  </datafield>
  <datafield tag="859" ind1=" " ind2=" ">
   <subfield code="a">AR-BaUNS</subfield>
   <subfield code="b">BIB. CENTRAL - Sector A - Tesis</subfield>
   <subfield code="h">040</subfield>
   <subfield code="i">B148 2005-695</subfield>
   <subfield code="p">115431/005</subfield>
   <subfield code="v">v.1</subfield>
   <subfield code="3">v.1</subfield>
  </datafield>
  <datafield tag="859" ind1=" " ind2=" ">
   <subfield code="a">AR-BaUNS</subfield>
   <subfield code="b">BIB. CENTRAL - Tesis</subfield>
   <subfield code="h">040</subfield>
   <subfield code="i">B148 2005-695</subfield>
   <subfield code="k">R</subfield>
   <subfield code="p">115429/005</subfield>
   <subfield code="v">v.1</subfield>
   <subfield code="3">v.1</subfield>
  </datafield>
  <datafield tag="859" ind1=" " ind2=" ">
   <subfield code="a">AR-BaUNS</subfield>
   <subfield code="b">BIB. CENTRAL - Sector A - Tesis</subfield>
   <subfield code="h">040</subfield>
   <subfield code="i">B148 2005-695</subfield>
   <subfield code="p">115432/005</subfield>
   <subfield code="v">v.2</subfield>
   <subfield code="3">v.2</subfield>
  </datafield>
  <datafield tag="859" ind1=" " ind2=" ">
   <subfield code="a">AR-BaUNS</subfield>
   <subfield code="b">BIB. CENTRAL - Tesis</subfield>
   <subfield code="h">040</subfield>
   <subfield code="i">B148 2005-695</subfield>
   <subfield code="k">R</subfield>
   <subfield code="p">115430/005</subfield>
   <subfield code="v">v.2</subfield>
   <subfield code="3">v.2</subfield>
  </datafield>
 </record>
</collection>
